Juana de Arco /
Biografía de Juana de Arco, joven francesa que luchó contra dominio inglés sobre Francia durante la Guerra de los Cien Años. Tras haber obtenido importantes victorias contra el ejército enemigo, cayó prisionera de éste. Un tribunal eclesiástico inglés la juzgó por varios crímenes y fue condenada a l...
Guardado en:
| Hovedforfatter: | |
|---|---|
| Format: | Bog |
| Sprog: | spansk |
| Udgivet: |
Buenos Aires, Argentina :
Espasa-Calpe,
1945, c1945
|
| Serier: | (Austral ;
539) |
| Fag: | |
| Tags: |
Ingen Tags, Vær først til at tagge denne postø!
|
MARC
| LEADER | 00000nam^a2200000^a^4500 | ||
|---|---|---|---|
| 001 | 000094958 | ||
| 005 | 20250521000000.0 | ||
| 009 | 20260310092852.205 | ||
| 037 | |a Acervo ITESO - Biblioteca | ||
| 041 | |a ESP | ||
| 082 | |a 808. |b AUS V. 539 | ||
| 100 | |a Wallon, Henri Alexandre |e (autor) | ||
| 245 | 1 | 0 | |a Juana de Arco / |c H.A. Wallon ; tr. por Antonio Portnoy. |
| 264 | 4 | |a Buenos Aires, Argentina : |b Espasa-Calpe, |c 1945, c1945 | |
| 300 | |a 232 p. | ||
| 336 | |a texto |b txt |2 rdacontenido | ||
| 337 | |a sin mediación |b n |2 rdamedio | ||
| 338 | |a volumen |b nc |2 rdasoporte | ||
| 440 | 1 | |a (Austral ; |v 539) | |
| 500 | |a Traducción de: Jeanne d'Arc | ||
| 520 | |a Biografía de Juana de Arco, joven francesa que luchó contra dominio inglés sobre Francia durante la Guerra de los Cien Años. Tras haber obtenido importantes victorias contra el ejército enemigo, cayó prisionera de éste. Un tribunal eclesiástico inglés la juzgó por varios crímenes y fue condenada a la hoguera por hereje. Popularmente se le considera una heroína y hasta una santa. | ||
| 649 | |a XX | ||
| 650 | |a Militares Franceses - |x Biografías | ||
| 650 | |a Mujeres Francesas - |x Biografías | ||
| 650 | |a Políticos Franceses - |x Biografías | ||
| 650 | |a Guerra de los Cien Años, 1339-1453 | ||
| 650 | |a Francia - |x Historia - |y Carlos VII, 1422-1461 | ||
| 650 | |a Francia - |x Historia - |y Dinastía Capeto (Segunda) o Valois, 1328-1589 | ||
| 650 | |a Arco, Juana de, |c Santa - |x Tema Principal | ||
| 910 | |a Fondo Salvador Reynoso Reynoso | ||
| 920 | |a Impresos - Libros | ||
| 930 | |a Fondos Especiales | ||
| 940 | |a Literatura | ||
| 905 | |a 112 | ||
| 901 | |a 0500029954 |b IT2 |c ESP |u 20250521 | ||
| 902 | |a https://opac.biblio.iteso.mx/vufind/Record/000094958 | ||